Final certificates and adjudication (Record no. 75628)
[ view plain ]
| 000 -LEADER | |
|---|---|
| fixed length control field | 01544cab a2200193 4500 |
| 001 - CONTROL NUMBER | |
| control field | L130453 |
| 008 - FIXED-LENGTH DATA ELEMENTS--GENERAL INFORMATION | |
| fixed length control field | 050801n2005 000 0 eng u |
| 035 ## - SYSTEM CONTROL NUMBER | |
| System control number | (Sirsi) u130453 |
| 041 ## - LANGUAGE CODE | |
| Language code of text/sound track or separate title | eng |
| 100 ## - MAIN ENTRY--PERSONAL NAME | |
| Personal name | Brewer, Geoff |
| 245 ## - TITLE STATEMENT | |
| Title | Final certificates and adjudication |
| 260 ## - PUBLICATION, DISTRIBUTION, ETC. | |
| Date of publication, distribution, etc. | 2005 |
| 490 ## - SERIES STATEMENT | |
| Series statement | Contract Journal |
| Volume/sequential designation | 429(6533) 13 July 2005, 38(1) |
| 520 ## - SUMMARY, ETC. | |
| Summary, etc. | Discusses the case "Tracy Bennett v FMK Construction Ltd" (L130445) concerning an application under Part 8 of the Civil Procedure Rules for declarations on the construction and effect of terms of a contract. The first attempt to appoint ended with the the adjudicator resigning because Bennett (B) argued that the appointment had not been secured within seven days of the notice of intention. The adjudicator was reappointed but now it could be considered that the proceedings had not been commenced within 28 days of the issue of the final certificate. The case considered whether the issue of the first notice of intention to adjudicate was sufficient to comply with the contract provisions. The court held that the adjudicator need not have resigned as there was no obligation for FMK to secure the appointment of an adjudicator within seven days. Consequently the proceedings were not found to have been commenced within 28 days. |
| 590 ## - LOCAL NOTE (RLIN) | |
| Local note | IKA020805 |
| 650 ## - SUBJECT ADDED ENTRY--TOPICAL TERM | |
| Topical term or geographic name entry element | TRACY BENNETT V FMK CONSTRUCTION LTD |
| 690 ## - LOCAL SUBJECT ADDED ENTRY--TOPICAL TERM (OCLC, RLIN) | |
| Topical term or geographic name as entry element | MANAGEMENT-DISPUTE AVOIDANCE, MANAGEMENT AND RESOLUTION-DISPUTE MANAGEMENT AND RESOLUTION-ALTERNATIVE DISPUTE RESOLUTION-ADJUDICATION |
| 942 ## - ADDED ENTRY ELEMENTS (KOHA) | |
| Suppress in OPAC | 0 |
| Withdrawn status | Lost status | Source of classification or shelving scheme | Damaged status | Not for loan | Home library | Current library | Shelving location | Date acquired | Total Checkouts | Full call number | Barcode | Date last seen | Copy number | Price effective from | Koha item type |
|---|---|---|---|---|---|---|---|---|---|---|---|---|---|---|---|
| Dewey Decimal Classification | London | London | Journal article | 01/08/2005 | L130453 | 130453-1001 | 06/08/2019 | 1 | 06/08/2019 | Journal article |